| 000 | 01149cam a22002294a 4500 | ||
|---|---|---|---|
| 005 | 20250605164123.0 | ||
| 008 | 250528s ||||||||||||||||||||||||d | ||
| 035 | _a18365 | ||
| 020 | _a750657634 | ||
| 040 |
_aGR-AtMCL _bgre _dGR-AtMCL _eAACR2 |
||
| 245 | 1 | _aDeveloping Web Information Systems | |
| 260 |
_bElsevier, _c2002 |
||
| 300 | _a274 | ||
| 520 | _aThis book brings together traditional system development methods that have been taught for many years on information systems and computer science courses with web/ e-commerce development. Preface, Information System Development, Internet-based Information Systems, Web IS Development Methodology (WISDM), e-Business Strategy, Systems Thinking, Soft Systems Methodology, Information Analysis, Technical Design, Software System Construction, Web Information Management, Reflections on WISDM, Barchester Playhouse Case Study, Research Student Admissions Case Study, Internet Resources, Index. | ||
| 700 | 1 |
_aAvison David _91496 |
|
| 700 | 1 |
_aVidgen Richard _94640 |
|
| 700 | 1 |
_aWood Bob _94641 |
|
| 700 | 1 |
_aWood-Harper Trevor _9764 |
|
| 942 | _cBK | ||
| 999 |
_c3727 _d3727 |
||